00911 a2200157 4500003000500000005001700005020001500022040000900037082001200046100001500058245006000073260002700133300001200160505055800172650002300730NUST20221202181220.0 a8187317086 cNust a020,IYE aIyer, V.K. aManagement of library information services /cV.K. Iyer aNew DelhibRajatc1998 a296 p.: aLibrary And Information Sciences (Page-1), Theories And Practice Of Information Sciences (Page-58), Information Policies And Plans (Page-76),Communication In Libraries And Information Centres (Page-105), Marketing Strategies For Librarians (Page-127), Strategic Marketing For Information Centres (Page-143), Modern Library And Information Centre Management (Page-162), Foundation And Development Of Modern Library (Page-168), Communication Of Information (Page-221), Scientific Management Of Libraries (Page-234), Managing Technical Services (Page-257). aLibrary management